ბათუმის შოთა რუსთაველის სახელმწიფო უნივერსიტეტის ბიბლიოთეკა

ტურიზმის შესავალი : (ბიბ.ჩანაწერი № 43846)

000 -ლიდერი
ფიქსირებული სიგრძის საკონტროლო ველი 01705nam a2200289Ia 4500
001 - საკონტროლო ნომერი
საკონტროლო ველი 10594
003 - საკონტროლო ნომრის იდენტიფიკატორი
საკონტროლო ველი GE_BSU
005 - ბოლო ოპერაციის თარიღი და დრო
საკონტროლო ველი 20251118202849.0
008 - ფიქსირებული სიგრძის მონაცემთა ელემენტები - ზოგადი ინფორმაცია
ფიქსირებული სიგრძის საკონტროლო ველი 181216s2013||||ge |||||||||||||| ||geo||
020 ## - წიგნის საერთაშორისო სტანდარტული ნომერი
International Standard Book Number 978991449055
040 ## - კატალოგიზაციის წყარო
Transcribing agency GE_BSU
041 ## - ენის კოდი
Language code of text/sound track or separate title geo
080 ## - უნივერსალური ათობითი კლასიფიკაციის ინდექსი
Universal Decimal Classification number 338.48+796.5 ტ–92
245 ## - ცნობა სათაურის შესახებ
Title ტურიზმის შესავალი :
Remainder of title სარეკრეაციო მოთხოვნილებები, ძველი დროის მოგზაურობები, ტურიზმის სახეობები, ორგანიზება,ინდუსტრია,უსაფრთხოება /
Statement of responsibility, etc დ. მაისურაძე, თ. ხუციშვილი, გ. ხომერიკი, ი. ვერბეცკი; [რედ. ნ. პავლიაშვილი].
250 ## - გამოცემის ცნობა
Edition statement მე–3 გამოცემა
264 ## - წარმოების, გამოცემის, დისტრიბუციის და სხვა ცნობები
გამოცემის, წარმოების, დისტრიბუციის... ადგილი თბილისი :
გამოცემის, წარმოების, დისტრიბუციის... სახელწოდება ტრიფონი,
გამოცემის, წარმოების, დისტრიბუციის... თარიღი 2013.
300 ## - ფიზიკური აღწერა
Extent 205 გვ;
Other physical details 20 სმ.
300 ## - ფიზიკური აღწერა
Dimensions დანართი გვ.192–205.
300 ## - ფიზიკური აღწერა
Accompanying material ბიბლიოგრ. გვ:186–188.სურ;ცხრ. საძიებელი გვ:188–194.
500 ## - ზოგადი შენიშვნა
General note ცნებებისა და ტერმინების ანბანი.
700 ## - ADDED ENTRY--PERSONAL NAME
Personal name მაისურაძე, დ.
Relator term ავტორი
9 (RLIN) 26233
700 ## - ADDED ENTRY--PERSONAL NAME
Personal name ხუციშვილი, თ.
Relator term ავტორი
9 (RLIN) 13601
700 ## - ADDED ENTRY--PERSONAL NAME
Personal name ხომერიკი, გ.,
Relator term ავტორი
9 (RLIN) 16563
700 ## - ADDED ENTRY--PERSONAL NAME
Personal name ვერბეცკი, ი.
Relator term ავტორი
9 (RLIN) 26267
700 ## - ADDED ENTRY--PERSONAL NAME
Personal name პავლიაშვილი, ნ.,
Relator term რედაქტორი
9 (RLIN) 26268
942 ## - ADDED ENTRY ELEMENTS (KOHA)
Koha item type წიგნი
Source of classification or shelving scheme
ეგზემპლარები
ჩამოწერის სტატუსი დაკარგული ეგზემპლარის სტატუსი კლასიფიკაციის წყარო ან თაროზე გაწყობის სქემა დაზიანების სტატუსი არ გაიცემა მუდმივი მდებარეობა (დაცვის ადგილი) ამჟამინდელი ადგილსამყოფელი თაროზე განთავსების ადგილი შეძენის თარიღი ღირებულება, შესყიდვის ნორმალური ფასი სრული შენახვის შიფრი შტრიხკოდი ბოლო ოპერაციის თარიღი ეგზემპლარის მიმდევრობითი ნომერი (კეტერი?) ფასის ძალაში შესვლის თარიღი ეგზემპლარის სახეობა საჯარო შენიშვნა
          ბათუმის შოთა რუსთაველის სახელმწიფო უნივერსიტეტის მთავარი ბიბლიოთეკა ბათუმის შოთა რუსთაველის სახელმწიფო უნივერსიტეტის მთავარი ბიბლიოთეკა წიგნსაცავი 2018-12-17 14.00 338.48+796.5 ტ–92 34422 2018-12-17 34422 2018-12-17 წიგნი 14 ლ.
          ბათუმის შოთა რუსთაველის სახელმწიფო უნივერსიტეტის მთავარი ბიბლიოთეკა ბათუმის შოთა რუსთაველის სახელმწიფო უნივერსიტეტის მთავარი ბიბლიოთეკა წიგნსაცავი 2018-12-17 14.00 338.48+796.5 ტ–92 34423 2018-12-17 34423 2018-12-17 წიგნი 14 ლ.
          ბათუმის შოთა რუსთაველის სახელმწიფო უნივერსიტეტის მთავარი ბიბლიოთეკა ბათუმის შოთა რუსთაველის სახელმწიფო უნივერსიტეტის მთავარი ბიბლიოთეკა წიგნსაცავი 2018-12-17 14.00 338.48+796.5 ტ–92 34424 2018-12-17 34424 2018-12-17 წიგნი 14 ლ.